Taylor Swift song - one word at the time #7 - Statistics

General Stats
  • This quiz has been taken 37 times
  • The average score is 141 of 227
Answer Stats
Answer % Correct
I
96%
I'll
96%
you
96%
you'll
96%
a
92%
A
92%
The
85%
The
85%
the
85%
an
81%
and
81%
And
81%
me
81%
On
81%
on
81%
can
73%
he
73%
He
73%
he's
73%
it
73%
my
73%
so
73%
to
73%
when
73%
When
73%
be
69%
your
69%
can't
65%
for
65%
If
65%
like
65%
No
65%
of
65%
Tell
65%
that
65%
all
62%
But
62%
could
62%
fix
62%
good
62%
Good
62%
him
62%
man
62%
only
62%
out
62%
really
62%
They
62%
too
62%
Were
62%
em
58%
had
58%
her
58%
just
58%
need
58%
Saying
58%
their
58%
The Tortured Poets Department
58%
told
58%
doesn't
54%
from
54%
God
54%
heads
54%
help
54%
he's
54%
his
54%
His
54%
Lord
54%
night
54%
right
54%
see
54%
shake
54%
that's
54%
angel
50%
boy
50%
Come
50%
didn't
50%
finger
50%
hadn't
50%
I Can Fix Him (No Really I Can)
50%
lift
50%
maybe
50%
yet
50%
away
46%
close
46%
hand
46%
heaven
46%
met
46%
mile
46%
shook
46%
show
46%
small
46%
smoke
46%
Texas
46%
across
42%
bar
42%
cloud
42%
far
42%
highest
42%
highway
42%
jokes
42%
loud
42%
mouth
42%
through
42%
train
42%
Trust
42%
billows
38%
certain
38%
dangerous
38%
face
38%
grade
38%
handle
38%
perfect
38%
pistol
38%
six
38%
skillset
38%
town
38%
case
35%
dopamine
35%
freight
35%
halo
35%
hearts
35%
lane
35%
revolting
35%
Softly
35%
traces
35%
races
31%
Woah
31%
brain
27%
calloused
23%
No matching quizzes found
Score Distribution
Percent of People with Each Score
Percentile by Number Answered
Your Score History
You have not taken this quiz